Title in the Lyrics -- Songs From 2014 - Statistics

General Stats
  • This quiz has been taken 2,097 times
  • The average score is 9 of 15
Answer Stats
Lyrics Title % Correct
Because you know I'm ___ _____ ____ ____ / 'Bout that bass, no treble All About That Bass
94%
Baby, I'm just gonna shake, shake, shake, shake, shake / I _____ __ ___, I _____ __ ___ Shake It Off
84%
I got! One less _______ without ya! / I got one less, one less _______ Problem
80%
'Cause ______ ____ gon' give it to you / Saturday night and we in the spot / Don't believe me just watch Uptown Funk
80%
My ________ don't, my ________ don't / My ________ don't want none unless you got buns, hun Anaconda
77%
I'm gonna swing from the __________, from the __________ Chandelier
74%
I'm so _____ / You already know / I'm in the fast lane / From LA to Tokyo Fancy
74%
When I met you in the ______ / To my heartbeat sound / We fell in love / As the leaves turned brown Summer
70%
Baby do you dare to to this? / 'Cause I'm coming at ya like a ____ _____ Dark Horse
63%
___ __ __, ___ __ __ / Can't hold it back anymore / ___ __ __, ___ __ __ / Turn away and slam the door! Let It Go
55%
Oh, won't you ____ ____ __ / 'Cause you're all I need Stay With Me
53%
Place your head on my beating heart / I'm ________ ___ ____ / Maybe we found love right where we are Thinking Out Loud
51%
____ ____ into the room (I know you want it) / ____ ____ All over you (I'll let you have it) Bang Bang
33%
I'm gonna love ya, I'm gonna love ya / Gonna love ya, gonna love ya / Like a _____ _____, baby Black Widow
23%
________, ________, ________, ________ / Ese fuego por dentro / Me está enloqueciendo / Me va saturando Bailando
15%
No matching quizzes found
Score Distribution
Percent of People with Each Score
Percentile by Number Answered
Your Score History
You have not taken this quiz